| 000 | 00739nam a2200217Ia 4500 | ||
|---|---|---|---|
| 001 | 10025 | ||
| 003 | GE_BSU | ||
| 008 | 181216s||||||||xx |||||||||||||| ||und|| | ||
| 040 | _cGE_BSU | ||
| 080 | _a821.353.1–32 | ||
| 245 | _aრუსუდანიანი | ||
| 245 | _bსაშუალ საუკუნეთა ქართ. ლიტ.–ს ძეგლი | ||
| 245 | _cრედ.მ.ებრალიძე | ||
| 260 | _aთბილისი | ||
| 260 | _bსაბჭ.მწერალი | ||
| 260 | _c1957 | ||
| 300 | _a811გვ.22სმ. | ||
| 653 | _aრუსუდანიანი | ||
| 653 | _aსაშუალ საუკუნეთა ქართ. ლიტ.–ს ძეგლი | ||
| 942 | _cBK | ||
| 999 |
_c43298 _d43298 |
||